000 00345nam a22001457a 4500
005 20260224162012.0
008 260224b |||||||| |||| 00| 0 eng d
020 _a9966-882-88-2
100 _aWAMITILA, K.W.
245 _aPANGO
260 _aNAIROBI
_bENGLISH PRESS
_c2016
300 _a88P.
650 _aSWAHILI FICTION
942 _2lcc
_cBK
999 _c216621
_d216621